00568nam a2200205Ia 4500008004100000020001500041040001800056041000800074100001500082245002200097250001200119260004600131300001800177490001600195600005900211650001800270650003100288650002300319700002000342130821s1999 sp gr dspa  a8401422663 aCo-BoUCMbspa00aspa aFrank, Ana00aDiariocAna Frank a10a. ed aBarcelona (España)bPlaza Janésc1999 a294 páginas aAve Fénix aFrank, Anay1929-1945vCorrespondencia, memorias, etc.04aAntisemitismo04aDiarios íntimos alemanes04aJudíos en Europa aPuls, DiegoeTr